| 000 | 00637cab a2200217 4500 | ||
|---|---|---|---|
| 001 | X3148 | ||
| 008 | 090401t1977 xxu||||| |||| 00| 0 eng d | ||
| 035 | _a(Sirsi) u28732 | ||
| 041 | _aeng | ||
| 100 | _aBower, Adam | ||
| 245 | _aProblems associated with woodwool slab shuttering | ||
| 260 | _c1977 | ||
| 350 | _a0 | ||
| 490 |
_aChartered Surveyor _vFebruary 1977, 237(1) |
||
| 520 | _aFirst reference in Chartered Surveyor to problems with woodwool slab shuttering. | ||
| 650 | _aBUILDING DEFECTS | ||
| 650 | _aWOODWOOL SLAB SHUTTERING | ||
| 690 | _aBUILT ENVIRONMENT-BUILDING PATHOLOGY | ||
| 942 | _n0 | ||
| 948 | _c04/03/1997 | ||
| 999 |
_c19320 _d19320 |
||